MARC

LEADER 00000nam0a2200000 4500
001 308962
005 20231102002137.0
020 |a RU  |b 82-11514 
035 |a (RuTPU)RU\TPU\book\334283 
090 |a 308962 
100 |a 20151109d1981 km y0rusy5003 ca 
101 0 |a rus 
102 |a RU 
105 |a a z 001zy 
200 1 |a Конформация макромолекул. Вискозиметрический метод оценки  |f И. И. Твердохлебова 
210 |a Москва  |c Химия  |d 1981 
215 |a 283 с.  |c ил. 
320 |a Библиогр.: с. 283 
606 1 |a Полимеры  |x Свойства  |2 stltpush  |3 (RuTPU)RU\TPU\subj\70989  |9 85110 
610 1 |a конформации 
610 1 |a растворы 
610 1 |a вязкость 
610 1 |a вискозометрия 
610 1 |a экспресс-методы 
610 1 |a оценка 
610 1 |a методики 
610 1 |a расчеты 
610 1 |a параметры 
610 1 |a гомополимеризация 
610 1 |a сополимеры 
675 |a 678.01  |z rus  |v 3 
700 1 |a Твердохлебова  |b И. И.  |g Ираида Ивановна  |4 070 
801 0 |a RU  |b RuMRKP  |c 19950704  |g psbo 
801 1 |a RU  |b 63413507  |c 20151109 
801 2 |a RU  |b 63413507  |c 20190722  |g RCR 
942 |c BK